000 02657cam a2200553 i 4500
001 xx004931681
003 NUKAT
005 20260427115901.0
008 200826s2020 pl |001 0dpol c
020 _a9788380989382
_q(oprawa twarda) :
_czł 40,00
035 _a(OCoLC)1192548329
035 _a(NUKAT)xx004931681
040 _aKAT U/DL
_bpol
_erda
_cKAT U/DLs
_dKAT U/MP
_dSZCZ U/MC
_dWA 14/MBs
_dOLSZT 008/bak
045 2 _bd1939
_bd1950
046 _k2020
100 1 _aGieroń, Roman
_d(1986- ).
_eAutor
_940638
245 1 0 _aPółmrok :
_bprocesy karne w sprawie przestępstw okupacyjnych popełnianych przez chłopów wobec Żydów w województwie krakowskim /
_cRoman Gieroń ; Instytut Pamięci Narodowej. Komisja Ścigania Zbrodni przeciwko Narodowi Polskiemu. Oddział w Krakowie.
246 3 0 _aProcesy karne w sprawie przestępstw okupacyjnych popełnianych przez chłopów wobec Żydów w województwie krakowskim
260 _aKraków :
_bInstytut Pamięci Narodowej. Komisja Ścigania Zbrodni przeciwko Narodowi Polskiemu. Oddział w Krakowie,
_c2020.
300 _a374, [1] strona ;
_c25 cm.
336 _aTekst
_btxt
_2rdacontent
337 _aBez urządzenia pośredniczącego
_bn
_2rdamedia
338 _aWolumin
_bnc
_2rdacarrier
380 _aKsiążki
380 _aPublikacje naukowe
388 1 _a2001-
490 1 _aCentralny Projekt Badawczy IPN Dzieje Żydów w Polsce oraz Relacje Polsko-Żydowskie w Latach 1914-1989
504 _aBibliografia na stronach 337-368. Indeks.
648 7 _a1901-2000
_2DBN
_934996
648 7 _a1939-1945
_2DBN
_936042
648 7 _a1945-1989
_2DBN
_936043
650 7 _aChłopi
_2DBN
_936401
650 7 _aHolokaust
_2DBN
_937427
650 7 _aOkupacja niemiecka Polski (1939-1945)
_2DBN
_936756
650 7 _aProcesy sądowe
_2DBN
_940639
650 7 _aUkrywanie się Żydów (1939-1945)
_2DBN
_940640
650 7 _aŻydzi
_2DBN
_935278
650 7 _aZbrodnie przeciwko ludzkości
_xprocesy
_zPolska
_zKraków
_y1945-1970.
_2kaba
_940641
650 7 _aChłopi
_zPolska
_zKraków (region)
_xpostawy
_y1900-1945.
_2kaba
_940642
650 7 _aHolocaust
_zPolska.
_2kaba
_937430
651 7 _aWojewództwo krakowskie (1945-1975)
_2DBN
_940643
655 7 _aMonografia
_2DBN
_935240
658 _aHistoria
658 _aPrawo i wymiar sprawiedliwości
710 2 _aInstytut Pamięci Narodowej - Komisja Ścigania Zbrodni przeciwko Narodowi Polskiemu.
_bOddział (Kraków).
_eInstytucja sprawcza
_eWydawca
_4pbl
_913123
830 0 _aDzieje Żydów w Polsce oraz Relacje Polsko-Żydowskie w Latach 1914-1989
_940637
920 _a978-83-8098-938-2 (oprawa twarda) : zł 40,00
942 _2ddc
_cBK_NM
999 _c27799
_d27799